00254nam a2200097 a 450000500170000000800410001705000180005810000200007624500230009626000370011920140414131904.0100915s19uu xx 00 eng d aFICbSp4 1991 aSpinelli, Jerry aFourth grade rats. aNew York :bScholastic ,c1991.